000 01246cam a22003253a 4500
001 996
005 20230815150016.0
008 210629s1989 nyu j 000 1 eng d
020 _a9780590439008
_q(pbk.)
020 _a0590439006
_q(pbk.)
020 _a9780590420075
020 _a0590420070
040 _aKRL
_beng
_cKRL
_dOCL
_dVYL
_dBGU
_dOCL
_dBTCTA
_dD8D
_dYDXCP
_dOCLCG
_dOCLCQ
_dOCLCA
_dOCLCF
_dCOLBT
_dOCLCQ
_dOCLCO
_dOCL
_dOCLCQ
_dLKC
_dLNC
_dVBO
_dCCHGZ
_dDLC
050 0 0 _aPZ7.M3567585
082 _aFic
100 1 _aMartin, Ann M.,
_d1955-
245 1 0 _aDawn on the coast /
_cAnn M. Martin.
260 _aNew York :
_bScholastic,
_c1989.
300 _a153 pages :
_c20 cm
490 1 _aThe Baby-sitters Club ;
_vBook 23
490 0 _aApple paperback
500 _a"An Apple paperback."
500 _a"RL4"--Page 4 of cover.
505 _aP
520 _aSince her parents' divorce, Dawn lives in Connecticut with her mother while her brother and father are in California, but after a week's vacation in sunny, healthy southern California, Dawn isn't sure she wants to return to the East Coast.
521 _a640
_bLexile
521 _aP
_bRaz-plus
906 _a7
_bcbc
_ccopycat
_d2
_encip
_f20
_gy-genrareb
942 _2ddc
_cBK
_n0
999 _c996
_d996